01480nam a22002897a 4500003000900000005001700009007000300026008004100029020001800070040002500088082001400113245008600127246010000213260006500313300002800378500014700406500011500553504003000668590002700698650003600725910001400761942001400775952012400789952013000913952013001043999001701173DO-SdBNP20260429123224.0ta110301s2019 dr d 000 0 spa d a9789945914184 aDO-SdBNPbspacBNPHU 4axxxxbxxx10aImplementación del presupuesto participativo en el marco de la ley No. 176-07 / aInforme sobre Implementación del presupuesto participativo en el marco de la ley No. 176-07 / aSanto Domingo :bParticipación Ciudadana, bBúho,c2019. a105 p. :bgraf.c28 cm. aÁmbito de intervención: Municipios de San Cristóbal, Baní, Azua de Compostela, San José de Ocoa, San Juan de la Maguana y Barahona.  aProyecto: "Promoviendo la participación ciudadana, la veeduría social e incidencia en la gestión local". aBibliografía p: 103-105 aInventariado, 2022/ YL20aParticipación política9456 aYLockward 2ddccLBS1 00102ddc51708PDaBNPHUbBNPHUcHDd2019-10-18eEditora Búhol0oxxxx xxxp2022-2772r2022-06-07w2022-06-07yLBS1 00102ddc51708PDaBNPHUbBNPHUcHDd2019-10-18eEditora Búhol0oxxxx xxxp2022-2773r2022-06-07te. 2w2022-06-07yLBS1 00102ddc56708PDaBNPHUbBNPHUcHDd2019-10-18eEditora Búhol0oxxxx xxxp2022-2774r2022-06-07te. 3w2022-06-07yLBS1 c51946d51946